|
|
|
|
| LEADER |
01950nam a2200421 i 4500 |
| 001 |
EBC5210704 |
| 003 |
MiAaPQ |
| 005 |
20200520144314.0 |
| 006 |
m o d | |
| 007 |
cr cnu|||||||| |
| 008 |
180201t20172017gw ob 000 0 eng d |
| 020 |
|
|
|z 9783736996953
|
| 020 |
|
|
|a 9783736986954 (e-book)
|
| 035 |
|
|
|a (MiAaPQ)EBC5210704
|
| 035 |
|
|
|a (Au-PeEL)EBL5210704
|
| 035 |
|
|
|a (CaPaEBR)ebr11492019
|
| 035 |
|
|
|a (OCoLC)1019636401
|
| 040 |
|
|
|a MiAaPQ
|b eng
|e rda
|e pn
|c MiAaPQ
|d MiAaPQ
|
| 050 |
|
4 |
|a TA420
|b .M363 2017
|
| 082 |
0 |
|
|a 620.12
|2 23
|
| 100 |
1 |
|
|a Mandrella, Markus,
|e author.
|
| 245 |
1 |
0 |
|a IT-based value co-creation in inter-organizational networks :
|b theory integration, extension, and adaptation to the wood industry /
|c Markus Mandrella.
|
| 264 |
|
1 |
|a Gottingen, [Germany] :
|b Cuvillier Verlag,
|c 2017.
|
| 264 |
|
4 |
|c 2017
|
| 300 |
|
|
|a 1 online resource (271 pages).
|
| 336 |
|
|
|a text
|2 rdacontent
|
| 337 |
|
|
|a computer
|2 rdamedia
|
| 338 |
|
|
|a online resource
|2 rdacarrier
|
| 490 |
1 |
|
|a Gottinger Wirtschaftsinformatik ;
|v Band 94
|
| 504 |
|
|
|a Includes bibliographical references.
|
| 588 |
|
|
|a Description based on online resource; title from PDF title page (EBC, viewed February 1, 2018).
|
| 590 |
|
|
|a Electronic reproduction. Ann Arbor, MI : ProQuest, 2016. Available via World Wide Web. Access may be limited to ProQuest affiliated libraries.
|
| 650 |
|
0 |
|a Wood
|x Acoustic properties.
|
| 655 |
|
4 |
|a Electronic books.
|
| 776 |
0 |
8 |
|i Print version:
|a Mandrella, Markus.
|t IT-based value co-creation in inter-organizational networks : theory integration, extension, and adaptation to the wood industry.
|d Gottingen, [Germany] : Cuvillier Verlag, c2017
|h 252 pages
|k Gottinger Wirtschaftsinformatik ; Band 94.
|z 9783736996953
|
| 797 |
2 |
|
|a ProQuest (Firm)
|
| 830 |
|
0 |
|a Gottinger Wirtschaftsinformatik ;
|v Band 94.
|
| 856 |
4 |
0 |
|u https://ebookcentral.proquest.com/lib/matrademy/detail.action?docID=5210704
|z Click to View
|